Historia, política y ética de la verdad en Chile, 1891-2001 : (Record no. 88825)
[ view plain ]
| 000 -LEADER | |
|---|---|
| fixed length control field | 00860nam a2200217 4500 |
| 005 - DATE AND TIME OF LATEST TRANSACTION | |
| control field | 20150220142340.0 |
| 008 - FIXED-LENGTH DATA ELEMENTS--GENERAL INFORMATION | |
| fixed length control field | 150220b cl||||| |||| 00| 0 spa d |
| 020 ## - INTERNATIONAL STANDARD BOOK NUMBER | |
| International Standard Book Number | 9562824187 |
| 050 04 - LIBRARY OF CONGRESS CALL NUMBER | |
| Classification number | F3099 |
| Item number | H57 2001 |
| 245 00 - TITLE STATEMENT | |
| Title | Historia, política y ética de la verdad en Chile, 1891-2001 : |
| Remainder of title | reflexiones sobre la paz social y la impunidad |
| Statement of responsibility, etc | / E. Lira, B. Loveman, T. Mifsud s.j., P. Salvat |
| 250 ## - EDITION STATEMENT | |
| Edition statement | 1a ed. |
| 260 ## - PUBLICATION, DISTRIBUTION, ETC. (IMPRINT) | |
| Place of publication, distribution, etc | Santiago de Chile : |
| Name of publisher, distributor, etc | Ciencias Sociales, LOM ediciones : La Universidad Jesuita de Chile, |
| Date of publication, distribution, etc | 2001. |
| 300 ## - PHYSICAL DESCRIPTION | |
| Extent | 310 p. : |
| Other physical details | il. ; |
| Dimensions | 21 cm. |
| 650 #7 - SUBJECT ADDED ENTRY--TOPICAL TERM | |
| Source of heading or term | LEMB |
| Topical term or geographic name as entry element | Conflictos sociales |
| General subdivision | Historia |
| Geographic subdivision | Chile |
| 651 #7 - SUBJECT ADDED ENTRY--GEOGRAPHIC NAME | |
| Source of heading or term | LEMB |
| Geographic name | Chile |
| General subdivision | Política y gobierno |
| 700 1# - ADDED ENTRY--PERSONAL NAME | |
| Personal name | Loveman, Brian. |
| Relator term | coaut. |
| 700 1# - ADDED ENTRY--PERSONAL NAME | |
| Personal name | Mifsud s.j. T. |
| Relator term | coaut. |
| 700 1# - ADDED ENTRY--PERSONAL NAME | |
| Relator code | Salvat, P. |
| Relator term | coaut. |
| 711 2# - ADDED ENTRY--MEETING NAME | |
| Meeting name or jurisdiction name as entry element | Universidad Jesuita Alberto Hurtado. |
| 942 ## - ADDED ENTRY ELEMENTS (KOHA) | |
| Source of classification or shelving scheme | Biblioteca del Cogreso de los Estados Unidos |
| Koha item type | Libro |
| Estado de pérdida | Fuente de clasificación | Estado del daño | No para préstamo | Ubicación permanente | Ubicación actual | Apartado o colección | Fecha de adquisición | Edición | Área del conocimiento | Clasificación | Código de Barras | Date last seen | Número de copia | Tipo de recurso | Nota pública |
|---|---|---|---|---|---|---|---|---|---|---|---|---|---|---|---|
| Biblioteca del Cogreso de los Estados Unidos | Biblioteca del Instituto de Investigaciones Históricas | Biblioteca del Instituto de Investigaciones Históricas | General | 20/02/2015 | 1a ed. | Educación y Humanidades | F3099 H57 2001 | IIH000008937 | 20/02/2015 | C:1 | Libro | GENERAL |